BIBLIOTHÈQUE DE LA MAISON DU MEXIQUE

Logo 1 Logo 2

Al filo del agua (notice nᵒ 4137)

détails MARC
000 -Sello discográfico
campo de control de longitud fija 00994nam a2200301 4500
005 - Identificación de versión
campo de control 20251017062828.0
035 ## - Otros números de control del sistema
Número de control del sistema 26088
099 ## - fechas locales
Tipo de ítem Koha LIBRO
100 ## - Datos de procesamiento general
Datos de procesamiento general 19990503d1955 m y1spay5003 ba
105 ## - Campo de datos codificados: Material textual, monográfico
Datos codificados de monografía y 001ay
200 1# - Título y mención de responsabilidad
Título propio Al filo del agua
Designación general del material texto impreso
Primer mención de responsabilidad Agustín Yáñez
Declaración de responsabilidad subsiguiente prólogo Antonio Castro Leal
210 ## - Publicación, distribución, etc.
Lugar de publicación, distribución, etc. México
Nombre del editor, distribuidor, etc. Editorial Porrúa
Fecha de publicación, distribución, etc. 1955
215 ## - Descripción física
Designación de material específico y extensión del ítem 387 p
Dimensiones 19 cm
345 ## - Nota de información de adquisición
Fuente de adquisición/dirección de la suscripción [OBSOLETO] Donación
410 #1 - Series
Título Colección de Escritores Mexicanos
Número de volumen 72
600 ## - Nombre personal usado como materia
Elemento de entrada Yáñez Delgadillo
Parte del nombre distinta del elemento de entrada Agustín
Fechas 1904-1980
Subdivisión temática Crítica e interpretación
Número Koha 8161
606 ## - Término temático usado como materia
Elemento de entrada Novela mexicana
Subdivisión temática Colecciones
Número Koha 472
660 ## - Código de área geográfica
Código MX
700 ## - Nombre personal - Responsabilidad primaria
Elemento de entrada Yáñez Delgadillo
Parte del nombre distinta del elemento de entrada Agustín
Fechas 1904-1980
Número Koha 3220
702 ## - Nombre personal - Responsabilidad secundaria
Elemento de entrada Castro Leal
Parte del nombre distinta del elemento de entrada Antonio
Fechas 1896-1981
Número Koha 5116
801 #0 - Fuente de origen
Agencia cm
900 ## -
-- 1/18719
900 ## -
-- 7109910630\030599
942 ## - ELEMENTOS DE ENTRADA SECUNDARIOS (KOHA)
Tipo de ítem Koha Livre
996 ## -
-- MEX
-- 751145101
-- MMAG
-- 012287
-- 860.8 E74 V.72
-- 20250129LIV
Exemplaires
Estatus retirado Estado de daño Estado de pérdida Fecha de adquisición Biblioteca de origen Biblioteca actual Ubicación en estantería Código de barras Precio de reemplazo Signatura topográfica completa No para préstamo Tipo de ítem Koha Nota pública Nota no pública
      05/08/2025 Casa México Paris Casa México Paris   012287 05/08/2025 860.8 E74 V.72   Livre 20250129LIV 751145101